Història de Joseph / oratori de Lluís Vicenç Gargallo ; estudi i transcripció a càrrec de Francesc Bonastre
ISBN:
84-505-4061-5
Descripción Física:
111 p., [1] p. de làm.; 31 cm
Otros Autores:
Bonastre, Franscesc
MARC
| LEADER | 00000nam a2200000Ia 4500 | ||
|---|---|---|---|
| 001 | 23026 | ||
| 008 | 160829s1986 xx 000 0 cat d | ||
| 020 | |a 84-505-4061-5 | ||
| 080 | |a B-2-234 | ||
| 100 | |a Gargallo, Lluís Vicenç |9 39905 | ||
| 245 | |a Història de Joseph / oratori de Lluís Vicenç Gargallo ; estudi i transcripció a càrrec de Francesc Bonastre | ||
| 260 | |a Barcelona : |b Diputació de Barcelona : |b Biblioteca de Catalunya, |c 1986 | ||
| 300 | |a 111 p., [1] p. de làm.; |c 31 cm | ||
| 490 | |a Estudis sobre el barroc musical hispànic ; 1 Biblioteca de Catalunya. Publicacions de la Secció de Música ; 28 | ||
| 600 | 0 | |a Gargallo, Lluís Vicenç |9 39905 | |
| 650 | |a Música catalana |x S. XVII |9 39907 | ||
| 700 | |a Bonastre, Franscesc |9 39908 | ||
| 901 | |a Arxiu | ||
| 942 | |n 1 | ||
| 952 | |0 0 |1 0 |4 0 |6 B2234 |7 1 |9 49301 |a Arxiu |b Arxiu |d 2016-12-01 |l 0 |o B-2-234 |p 23026 |r 2016-12-01 00:00:00 |w 2016-12-01 |y ARXIU | ||
| 999 | |c 53143 |d 53143 | ||